00462 2200181 4500001002100000005001500021035002000036008004100056245006100097100002100158250000600179260003600185300001100221084001400232082000800246650001400254990001200268INLIS00000000000024320240502023354 a0010-0424000219240502 0 ind 1 aKeterampilan Menyimak dan Berbicara 2 /cEngkus Kuswandi aKuswandi, Engkus a1 aJakarta :bCV. Ipa Abong,c2008 a74 hlm a400 ENG k a400 4aNon Fiksi a0732411